000 00509pam a2200181 a 4500
020 _a0849343194 (set)
020 _a0849343208 (v. 1)
020 _a0849343216 (v. 2)
040 _cDLC
082 0 0 _a551 CRC 1987 A025 Or.
100 1 _aGaspar, Emilian.
245 1 0 _aModern trends in tracer hydrology /
260 _aBoca Raton, Fla. :
_bCRC Press,
_cc1987.
300 _a2 v. :
_bill. ;
_c27 cm.
650 0 _aRadioisotopes in hydrology.
650 0 _aRadioactive tracers in hydrogeology.
942 _cEK
999 _c13641
_d13641